A kender feldolgozása az Ipoly mentén

Bibliographic Details
Main Author: Duray, Éva (Author)
Other Authors: Böszörményi, István, 1947- (gup)
Format: Article
Language:Hungarian
Subjects:

MARC

LEADER 00000nab a2200000 a 4500
001 vtls000450872
003 SK-MaSNL
005 20260318132902.0
008 160202c1992 xo 0 hun
015 |a SNBRB19rr/mm-uuuuu 
035 |a CL0451003 
040 |a SNKBUCL  |b slo  |c SNKBUCL  |e AACR2 
041 0 |a hun 
044 |a xo  |c SK 
080 |a 39:633.522(437.6=945.11)(091)=945.11  |2 1981 
080 |a 633.522(437.6=945.11)(091)=945.11  |2 1981 
100 1 |a Duray, Éva  |4 aut  |9 1195504 
245 1 0 |a A kender feldolgozása az Ipoly mentén  |c Éva Duray ; I. Böszörményi 
300 |b Fot. 3. 
650 0 7 |a konope  |2 snkbucl  |9 1555 
650 0 7 |a spracovanie konope  |2 snkbucl  |9 1195505 
650 0 7 |a povodia  |2 snkbucl  |9 3749 
651 7 |a Novohrad (Slovensko : región)  |2 snkbucl  |9 169944 
651 7 |a Ipeľ (Slovensko a Maďarsko : rieka)  |2 SNKPH  |9 17591 
655 7 |a články z novín a časopisov  |2 snkbucl  |9 267496 
700 1 |a Böszörményi, István,  |d 1947-  |4 gup  |9 104457 
773 0 |t A Hét  |g Roč. 37, č. 5 (1992), s. 10-11 
850 |a Slovenská národná knižnica v Martine  |a MTA001 
852 |a SNK  |b KIS3GCP 
958 |a RK 
958 |a HU 
992 |a RBX 
999 |c 2080452  |d 2082382